Gion Nándor

Elmentve itt :
Bibliográfiai részletek
Szerző: Féja Géza
Dokumentumtípus: Cikk
Megjelent: 1974
Sorozat:Tiszatáj 28 No. 12
Kulcsszavak:Magyar irodalom - Vajdaság - 20-21. sz. - életmű - életrajz
Online Access:http://tiszataj.bibl.u-szeged.hu/8523
LEADER 00590nab a2200181 i 4500
001 tisza8523
005 20200330133939.0
008 170614s1974 hu o 0|| hun d
022 |a 0133-1167 
040 |a SZTE Tiszatáj Archívum  |b hun 
041 |a hun 
100 1 |a Féja Géza 
245 1 0 |a Gion Nándor  |h [elektronikus dokumentum] /  |c  Féja Géza 
260 |c 1974 
300 |a 68-73 
490 0 |a Tiszatáj  |v 28 No. 12 
695 |a Magyar irodalom - Vajdaság - 20-21. sz. - életmű - életrajz 
856 4 0 |u http://tiszataj.bibl.u-szeged.hu/8523/1/tiszataj_1974_012_068-073.pdf  |z Dokumentum-elérés